Missing Word: Heartbreak Songs III Quiz Stats

 Plays Quiz Updated Nov 1, 2015

Challenge
Share
Tweet
Embed
Score 0/20 Timer 03:00
0 Plays Today
Song Missing Word % Correct
The One That Got ____Away
97.8%
Every ______ You TakeBreath
96.6%
Against All ____Odds
96.4%
You've Lost That Lovin' _______Feeling
90.6%
How Can You ____ a Broken HeartMend
90.4%
____ HurtsLove
89.7%
Over and ____Over
82.5%
____ Back to MeCome
81.5%
Love Will ____ Us ApartTear
80.3%
Pain in My _____Heart
76.5%
Song Missing Word % Correct
Don't You ____ MeWant
63.2%
Take a ___Bow
44.8%
Here _______ YouWithout
35.1%
I Can _____ About YouDream
33.7%
_________ GirlsBeautiful
24.7%
Mandolin ____Rain
22.9%
My Happy ______Ending
22.2%
Back to ________December
19.6%
I Keep _________Forgettin'
13.3%
Love _____Burns
3.4%

Today's Daily Dose

Missing Word
Biopics

Word Ladder
Food Idioms

Quick Pick
Diets

On This Day
December 18th II

You're not logged in!

Compare scores with friends on all Sporcle quizzes.
OR
Log In

You Might Also Like...

Show Comments

Extras

Top Quizzes Today


Score Distribution

Your Account Isn't Verified!

In order to create a playlist on Sporcle, you need to verify the email address you used during registration. Go to your Sporcle Settings to finish the process.

Report this User

Report this user for behavior that violates our Community Guidelines.

Details: